000 00590nam a2200181Ia 4500
003 GCL
008 140319s9999 xx 000 0 ara d
040 _aGCL /
_cGCL
082 0 4 _a550
_bف ف
100 1 _aمحمد جمال الدين الفندى
245 1 0 _aالكتاب الكونى او المعجزة الخالدة 2 /
_cمحمد جمال الدين الفندى
300 _a162 ص
490 _aالمجلس الاعلى للشئون الاسلامية
_v0
650 0 4 _aالطاقة
650 0 4 _aالارض
650 0 4 _aالمجموعة الشمسية
942 _2ddc
_cBK
999 _c46634
_d46634